000 01068nam a22003017a 4500
003 CHAP
005 20220817044238.0
008 090106s2005 us a r 00010 eng d
010 _a95617
011 _a96589
020 _a0821362496
035 _a107243
040 _cCHAP
082 0 4 _a338.91
_bW89
_22006
110 0 _aWorld Bank, The
_9122697
245 1 0 _aWorld development report 2006 :
_bequity and development
_c/por The World Bank
260 _aWashington, DC :
_bThe World Bank : Oxford University,
_cc2005
300 _axiv, 320 p. :
_bilus., gráfs., cuadros
590 _aBATCH-UPD
_b10
_c20130110
_lUCH01
_h1029
590 _aBATCH-UPD
_b10
_c20130410
_lUCH01
_h0632
590 _aBATCH-UPD
_b10
_c20130914
_lUCH01
_h1152
590 _aCONVERSION
_b10
_c20130109
_lUCH01
_h1353
650 0 4 _aDesarrollo económico.
901 _aBK
942 _cLIBRO
949 _a338.91 W89 2006
_bBC
_cLIBRO
_d33724002075694
_eLIBRO
_gI.c/e
_h110307
_i107243
_sb
_t$287.82
949 _a338.91 W89 2006
_bBC
_cLIBRO
_d33724002075819
_eLIBRO
_fc.2
_gI.c/e
_h110308
_i107243
_sb
_t$287.82
999 _c95617
_d95617